Top 10 największych miast w Polsce. - Statystyki

Ogólne statystyki
  • Ten quiz został rozwiązany 120 razy
  • Średni wynik to 7 z 10
Statystyki odpowiedzi
Miejsce Miasta % Poprawnych
2 Warszawa
100%
4 Kraków
96%
7 Wrocław
88%
1 Gdańsk
87%
9 Poznań
82%
5 Szczecin
82%
6 Łódź
74%
3 Gdynia
72%
8 Zielona Góra
28%
10 Świnoujście
11%
Nie znaleziono quizów pasujących do podanych kryteriów
Rozkład punktacji
Procent ludzi z każdym wynikiem
Percentyl według liczby udzielonych odpowiedzi
Twoja historia wyników
Nie rozwiązałeś tego quizu